| 000 | 00645nam a2200241Ia 4500 | ||
|---|---|---|---|
| 003 | OSt | ||
| 005 | 20220918221248.0 | ||
| 006 | a|||||r|||| 00| 0 | ||
| 007 | ta | ||
| 008 | 220917b |||||||| |||| 00| 0 eng d | ||
| 024 | _a149,060 | ||
| 037 | _cTextual | ||
| 040 |
_aARTS _cARTS _beng |
||
| 041 |
_2eng _aeng |
||
| 082 | _aT:8g, L3 | ||
| 245 | 0 | _aAdministrators handbook of educational accountability | |
| 260 |
_aVirginia _bAmerican Association of School Administrators _c1973 |
||
| 300 |
_ax,73p. _ccm. |
||
| 500 | _aAppendix 61-63p | ||
| 650 | _aEDUCATION | ||
| 942 |
_hT:8g, L3 _cTEXL _2CC |
||
| 999 |
_c271734 _d271734 |
||